Business law : (Record no. 17854)
[ view plain ]
| 000 -LEADER | |
|---|---|
| fixed length control field | 00610nam a22002417a 4500 |
| 003 - CONTROL NUMBER IDENTIFIER | |
| control field | OSt |
| 005 - DATE AND TIME OF LATEST TRANSACTION | |
| control field | 20140310182948.0 |
| 008 - FIXED-LENGTH DATA ELEMENTS--GENERAL INFORMATION | |
| fixed length control field | 130205t xxu||||| |||| 00| 0 eng d |
| 020 ## - INTERNATIONAL STANDARD BOOK NUMBER | |
| International Standard Book Number | 971234486x |
| 050 ## - LIBRARY OF CONGRESS CALL NUMBER | |
| Classification number | KPM 856 |
| Item number | .D365 2006 |
| 100 ## - MAIN ENTRY--PERSONAL NAME | |
| Personal name | de Guzman, Rolando Santiago |
| 245 ## - TITLE STATEMENT | |
| Title | Business law : |
| Statement of responsibility, etc | Rolando Santiago de Guzman |
| Remainder of title | an overview / |
| 260 ## - PUBLICATION, DISTRIBUTION, ETC. (IMPRINT) | |
| Place of publication, distribution, etc | Manila : |
| Name of publisher, distributor, etc | Rex Book Store, |
| Date of publication, distribution, etc | 2006. |
| 300 ## - PHYSICAL DESCRIPTION | |
| Extent | 232 p. : |
| Dimensions | 23 cm. |
| 521 ## - TARGET AUDIENCE NOTE | |
| Target audience note | |
| 526 ## - STUDY PROGRAM INFORMATION NOTE | |
| Reading level | 1210L-1700L |
| 562 ## - COPY AND VERSION IDENTIFICATION NOTE | |
| Number of copies | 2 |
| 650 ## - SUBJECT ADDED ENTRY--TOPICAL TERM | |
| Topical term or geographic name as entry element | Business law. |
| 942 ## - ADDED ENTRY ELEMENTS (KOHA) | |
| Source of classification or shelving scheme | Library of Congress Classification |
| Koha item type | Books |
| Call number prefix | Local |
| Withdrawn status | Lost status | Source of classification or shelving scheme | Damaged status | Home library | Current library | Shelving location | Date acquired | Source of acquisition | Total Checkouts | Total Renewals | Full call number | Barcode | Date last seen | Date checked out | Copy number | Price effective from | Koha item type |
|---|---|---|---|---|---|---|---|---|---|---|---|---|---|---|---|---|---|
| Library of Congress Classification | Archives | Archives | 12/05/2013 | Library Fund | KPM 856 .D365 2006 | C8630 | 05/08/2018 | 2 | 12/05/2013 | Books | |||||||
| Library of Congress Classification | College Library | College Library | Filipiniana Section | 12/05/2013 | Library Fund | 3 | 1 | KPM 856 .D365 2006 | C8629 | 06/06/2018 | 12/13/2017 | 1 | 12/05/2013 | Books | |||
| Library of Congress Classification | College Library | College Library | Filipiniana Section | 12/05/2013 | Library Fund | KPM 856 .D365 2006 | C16653 | 05/08/2018 | 3 | 12/05/2013 | Books |